000 00346nam a2200121Ia 4500
008 240624s9999 xx 000 0 und d
041 _aeng
082 _a332.632 MOG
100 _aMOGUL SAMIR S
245 _aTAX AND FINANCIAL PLANNING GUIDE FOR INVESTORS AND TRADER
260 _c2008
_aNew Delhi
_bTaxmann
300 _ai-63, : 621 : p. : cm. ; 24
999 _c21563
_d21563